000 00311 a2200121 4500
020 _a0070601631
082 _a620.11 NAS
100 _aNash,W. A.
245 _aStrength of Materials
_cW.A. Nash,Nilanjan Mallik
250 _a4th. ed.
260 _aNew Delhi.
_bTata McGraw Hill
_c2007
300 _axiv,
_bill. ;
_c25 cm.
650 _aMaterials
999 _c264
_d264